000 00460nam a2200193Ia 4500
003 OSt
005 20221005120732.0
006 a|||||r|||| 00| 0
007 ta
008 221004b |||||||| |||| 00| 0 eng d
024 _a112799
037 _cTextual
040 _aCRL
_cCRL
_beng
041 _2eng
_aeng
100 _aDunn Arditi
_9629581
245 0 _aExperimental Plant Physiology
942 _cTEXL
_2cc
999 _c1038985
_d1038985